00800nam a2200253Ia 450000500170000000800390001702000150005604100080007110000300007924500700010925000250017926400330020430000320023733600270026933700330029633800280032949000110035765000410036865000300040965000280043970000330046704000350050008400110053520220316235325.0121119s2002 ck a gr 000 p spa a95830035570 aspa1 aPombo, Rafael,d1833-191210aCuentos de PombocRafael Pombo ; ilustraciones de Patricia Acosta aQuinta reimpresión 1aBogotábPanamericanac2002 a64 páginasbilustraciones atextobtxt2rdacontent asin mediaciónbn2rdamedia avolumenbnc2rdacarrier0 aCorcel142LEMBaPoesía colombianaySiglo XIX142LEMBaLiteratura infantil142LEMBaPoesía infantil1 aAcosta, Patriciaeilustrador aCO-BoRNBPbspaerdacCO-BoRNBP aP POM1